|
|
|
|
| LEADER |
00000nam1a2200000 4500 |
| 001 |
64960 |
| 005 |
20231031070105.0 |
| 035 |
|
|
|a (RuTPU)RU\TPU\book\68971
|
| 090 |
|
|
|a 64960
|
| 100 |
|
|
|a 20040610d1978 m y0rusy50 ca
|
| 101 |
0 |
|
|a rus
|
| 102 |
|
|
|a RU
|
| 200 |
1 |
|
|a Прикладная механика твердого деформируемого тела. Сопротивление материалов с элементами теории сплошных сред и строительной механики
|e в 3 томах
|f А. П. Филин
|
| 210 |
|
|
|a Москва
|c Наука
|d 1975-
|
| 700 |
|
1 |
|a Филин
|b А. П.
|g Анатолий Петрович
|
| 801 |
|
1 |
|a RU
|b 63413507
|c 20040610
|g PSBO
|
| 801 |
|
2 |
|a RU
|b 63413507
|c 20051123
|g PSBO
|
| 942 |
|
|
|c BK
|